Loading...
| Current Events | 3 | 20.00 | 100% | 67% | 33% |
| Fine Arts - Classical Music | 3 | 10.00 | 67% | 33% | 0% |
| Fine Arts - Other | 3 | 10.00 | 100% | 0% | 0% |
| Fine Arts - Painting and Sculpture | 1 | 0.00 | 0% | 0% | 0% |
| Geography | 2 | 10.00 | 100% | 0% | 0% |
| History - American | 4 | 15.00 | 100% | 50% | 0% |
| History - European | 3 | 13.33 | 100% | 33% | 0% |
| History - Other | 2 | 15.00 | 100% | 50% | 0% |
| History - World | 2 | 15.00 | 100% | 50% | 0% |
| Literature - American | 1 | 10.00 | 100% | 0% | 0% |
| Literature - British | 3 | 10.00 | 67% | 33% | 0% |
| Literature - European | 7 | 12.86 | 100% | 0% | 29% |
| Literature - World | 3 | 3.33 | 33% | 0% | 0% |
| Mythology | 6 | 11.67 | 100% | 17% | 0% |
| Philosophy | 3 | 6.67 | 67% | 0% | 0% |
| Popular Culture | 1 | 20.00 | 100% | 0% | 100% |
| Religion | 3 | 16.67 | 100% | 67% | 0% |
| Science - Biology | 5 | 14.00 | 100% | 40% | 0% |
| Science - Chemistry | 5 | 14.00 | 100% | 20% | 20% |
| Science - Other | 4 | 15.00 | 100% | 50% | 0% |
| Science - Physics | 3 | 16.67 | 100% | 67% | 0% |
| Social Science | 4 | 7.50 | 50% | 25% | 0% |